Fores et fenestrae : a computational study of doors and windows in Roman domestic space /
The role doors and windows play in shaping the life and structure of Roman private dwellings has been underestimated; they are structures that connect not only rooms but houses to the outside world, and they relate to privacy, security, and light in domestic spaces. This volume analyses these struct...
المؤلف الرئيسي:
التنسيق: كتاب الكتروني
اللغة: English
منشور في:
Oxford :
Archaeopress Publishing Ltd,
2021.
سلاسل:
Archaeopress Roman archaeology ;
82.
الموضوعات:
الوصول للمادة أونلاين: Login to view Source
الوسوم: إضافة وسم
رقم الطلب: NA3000
| LEADER | 01969nam a2200433 i 4500 | ||
|---|---|---|---|
| 001 | EDZ0002565886 | ||
| 003 | StDuBDS | ||
| 005 | 20230412182820.0 | ||
| 006 | m|||||o||d|||||||| | ||
| 007 | cr ||||||||||| | ||
| 008 | 210628s2021 enka fob 000|0|eng|d | ||
| 020 | |a 9781789696189 (PDF ebook) : |c No price | ||
| 040 | |a StDuBDS |b eng |c StDuBDS |e rda |e pn | ||
| 050 | 4 | |a NA3000 | |
| 082 | 0 | 4 | |a 721.8220937 |2 23 |
| 100 | 1 | |a Michielin, Lucia, |e author. | |
| 245 | 1 | 0 | |a Fores et fenestrae : |b a computational study of doors and windows in Roman domestic space / |c Lucia Michielin. |
| 264 | 1 | |a Oxford : |b Archaeopress Publishing Ltd, |c 2021. | |
| 300 | |a 1 online resource (296 pages) : |b illustrations. | ||
| 336 | |a text |2 rdacontent | ||
| 336 | |a still image |2 rdacontent | ||
| 337 | |a computer |2 rdamedia | ||
| 338 | |a online resource |2 rdacarrier | ||
| 490 | 1 | |a Archaeopress Roman archaeology ; |v 82 | |
| 500 | |a Also issued in print: 2021. | ||
| 504 | |a Includes bibliographical references. | ||
| 520 | 8 | |a The role doors and windows play in shaping the life and structure of Roman private dwellings has been underestimated; they are structures that connect not only rooms but houses to the outside world, and they relate to privacy, security, and light in domestic spaces. This volume analyses these structures as an essential part of daily life. | |
| 521 | |a Specialized. | ||
| 588 | |a Description based on online resource; title from PDF title page (viewed on July 16, 2021). | ||
| 650 | 0 | |a Architecture, Roman. | |
| 650 | 0 | |a Architecture, Domestic |z Rome. | |
| 650 | 0 | |a Doors |z Rome. | |
| 650 | 0 | |a Windows |z Rome. | |
| 776 | 0 | 8 | |i Print version : |z 9781789696172 |
| 830 | 0 | |a Archaeopress Roman archaeology ; |v 82. | |
| 856 | 4 | 0 | |3 Archaeopress |u http://library.arce.org:8087/Archaeopress/Products/9781789696172 |
| 942 | |2 lcc |c EBOOK | ||
| 952 | |0 0 |1 0 |4 0 |6 NA3000 |7 1 |9 46698 |a ARCH |b ARCH |d 2023-04-12 |l 0 |o NA3000 |r 2023-04-12 00:00:00 |w 2023-04-12 |y EBOOK | ||
| 999 | |c 52356 |d 52356 | ||
